00450nam a22001337a 4500082001600000100001600016245007500032260006100107300000800168650001200176942000700188952010400195999001700299 a294.6 SIN 6 aSingh, Teja aPsalm of Peace: An English translation of Guru Arjun's Sukhmani Sahib aAmritsarbShiromani Gurudwara Parbandhak Committeec2014 a129 aSikhism cBK 00104070aHMIbHMIcGENd2017-07-05g100.00l0o294.6 SIN 6p11003394r2026-01-16w2026-01-16yBK c20521d20521